| 000 | | | 05922cbc2a2200000#x 450 |
| 001 | | | 972776f0-4348-4092-9cb3-3fe639d87cf8 |
| 005 | | | 20191217143028.0 |
| 100 | ## | $a | 20170626l18451845k l0rusy0189 ca |
| 101 | 0# | $a | rus |
| 102 | ## | $a | RU |
| 200 | 1# | $a | Дело о выдаче поспектакльного вознаграждения Матвею Бернарду за приобретённую от него оперу "Ольга" |
| | $j | 14 сентября 1845 г. |
| 251 | ## | $c | Дело |
| 300 | ## | $a | По Санкт-Петербургской дирекции за 1845 год |
| 300 | ## | $a | Заголовок дела также: Дело по предписанию господина директора о производстве господину Матвею Бернарду поспектакльного вознаграждения за принятую от него оперу "Ольга" |
| 300 | ## | $a | Рукописный текст. Чернила |
| 801 | #0 | $a | RU |
| | $b | РГИА |
| | $c | 20170626 |
| 801 | #1 | $a | RU |
| | $b | ГлавНИВЦ |
| | $c | 20170626 |
| | $2 | rusmarc |
| 801 | #2 | $a | RU |
| | $b | ПБ им. Б.Н. Ельцина |
| | $c | 20181224 |
| | $g | RCR |
| | $2 | rusmarc |
| 850 | ## | $a | Федеральное казенное учреждение "Российский государственный исторический архив" (РГИА) |
| 852 | ## | $a | РГИА |
| | $j | 10500 |
| 937 | ## | $h | РГИА |
| | $d | 12246759 |
| | $a | ASBIBLIO_SCAN |
| 462 | #0 | $1 | 001dd3991dc-24e1-42ec-8838-ca4255420416 |
| | $1 | 2001 |
| | $a | 1746-1850 гг. |
| | $v | Д. 10500 |
| | $1 | 251 |
| | $c | Опись |
| | $1 | 852 |
| | $j | 1 |
| 461 | #0 | $1 | 0019264ebf8-de62-4f1a-9eb4-9f22098dbbd5 |
| | $1 | 2001 |
| | $a | Дирекция императорских театров МИДв |
| | $1 | 251 |
| | $c | Фонд |
| | $1 | 852 |
| | $j | 497 |
| 215 | ## | $a | 3 листа |
| | $d | 36,5х26 см |
| 371 | ## | $a | Документ не является опубликованным и широко распространяемым |
| 105 | ## | $a | y### |
| 122 | 0# | $a | d18450914## |
| 035 | ## | $a | 972776f0-4348-4092-9cb3-3fe639d87cf8 |
| 856 | ## | $u | http://readingroom.main.prlib.ru/item.aspx?id_node=n122296749&mode=full |
| 517 | 1# | $a | Дело по предписанию господина директора о производстве господину Матвею Бернарду поспектакльного вознаграждения за принятую от него оперу "Ольга" |
| 600 | #1 | $2 | prlib_sh |
| | $3 | LIBNET\UAF\0000086643 |
| | $a | Бернард |
| | $b | М.И. |
| | $g | Матвей Иванович |
| | $f | 1794-1871 |
| | $j | Документы и материалы |
| 606 | 2# | $2 | nlr_sh |
| | $3 | RU\NLR\AUTH\66151697 |
| | $a | Опера русская |
| | $z | 19 в. |
| | $j | Документы и материалы |
| 601 | 01 | $2 | prlib_sh |
| | $3 | LIBNET\UAF\0000083361 |
| | $a | Россия |
| | $b | Дирекция императорских театров |
| | $b | Петербургская контора |
| | $j | Документы и материалы |
| 686 | ## | $2 | rubbk |
| | $a | 85.335.41 |
| | $v | LBC/M |
| 686 | ## | $a | 63.3(2)521-7 |
| | $v | LBC/M |
| | $2 | rubbk |
| 605 | ## | $2 | acquisition_Prlib |
| | $3 | LIBNET\UAF\0000080478 |
| | $a | Год театра в России |
| | $l | коллекция |
| 605 | ## | $2 | acquisition_Prlib |
| | $3 | DITM\AF\0000004166 |
| | $a | Россия в лицах |
| | $l | коллекция |